00348nam a2200109Ia 4500008004100000082000800041100001900049245005400068942000600122952009500128999001500223240331s9999 xx 000 0 und d bKUK aKukamoorthy, S 0aYalppanaththil Pen Kalvi :bThotramum Valarchium  cL 001040708LaWERCLbWERCLcSSCd2024-03-31l0o 370 KUKp6807r2024-03-31w2024-03-31yL c5813d5813